000 01050nam0a22003011 4500
001 RU\INFOCOMM_327\NLR\5000061830
005 20250613112534.0
035 _a(NLR Aleph) 009612846
090 _a9383075
_c9383075
100 _a20130318d1982 |||y0rusy50 ca
101 1 _ager
_crus
102 _aRU
105 _ay z |||||
200 1 _aAchkhabad
_eGuide
_fI. Passéviev
_g[Trad. du russe par Jean-Pierre Dussaussois]
210 _aM.
_cProgrès
_d1982
215 _a103 с., 17 л. цв. ил.
_cцв. ил.
_d21 см
225 1 _aProgrès guide
300 _aНа обороте тит. л.: Ашхабад: Путеводитель / Икар Ростиславович Пасевьев
300 _aНа пер. сост. не указан
620 _aМосква
686 _aД890(257Ту-2)
_2rubbk
700 1 _9z01790
_aPasev'ev
_bI. R.
_gIkar Rostislavovič
790 1 _9z01700
_aPasséviev
_bI.
_4070
801 1 _aRU
_bInfocomm
_c20130318
801 0 _aRU
_bINFOCOMM
_gPSBO
852 _aNLR
_jГ01 Д-3/587
942 _cBOOK
980 _aNB